000 00527nam a2200181 a 4500
001 000040791
005 20201002034401.0
008 130906s2007 sp f 000 0 spa d
020 _a9788446022640
040 _aDO-SdBNP
_bspa
_cBNPHU
100 1 _aDa Vinci, Leonardo
_967213
245 1 0 _aTratado de pintura /
_cLeonardo Da Vinci.
250 _a6a ed.
260 _aMadrid :
_bAkal,
_c2007.
300 _a508 p. :
_bláms. ;
_c19 cm.
500 _aIncluye índice alfabético
500 _aIncluye notas al pie de las páginas
999 _c40281
_d40281